Aargauer Gemeinden nach Ausländeranteil - Statistiken

Allgemein
  • Dieses Quiz wurde 75 mal gespielt
  • Das Durchschnittsergebnis liegt bei 3 aus 10
Antwortstatistiken
% Gemeinde % Korrekt
50.4 Spreitenbach
92%
39.9 Wohlen
51%
41.8 Reinach
43%
49.4 Neuenhof
42%
44.3 Aarburg
30%
43.0 Döttingen
21%
44.8 Birr
15%
42.2 Koblenz
15%
40.6 Stein
13%
41.5 Böttstein
11%
Keine übereinstimmenden Quizze gefunden
Verteilung der Resultate
Anzahl Personen mit jedem Resultat
Perzentil nach korrekt beantworteten Fragen
Ihre Resultats-Entwicklung
Sie haben dieses Quiz noch nicht gespielt